| 000 | 00698nam a22001937a 4500 | ||
|---|---|---|---|
| 005 | 20251108165334.0 | ||
| 008 | 250721s1987 xx 000 0 ara d | ||
| 082 | 1 | 4 | _aم/001.556/نشر |
| 100 | 1 | _aبن عيسى، صلاح الدين | |
| 245 | 1 | 0 | _aالنشرة العربية للمطبوعات 1985 / |
| 264 | 1 |
_aتونس : _bالمنظمة العربية للتربية و الثقافة و العلوم،إدارة التوثيق و المعلومات، _c1987. |
|
| 300 | _a706ص | ||
| 650 | 1 | 7 | _aالببليوغرافيات |
| 650 | 1 | 7 | _aاللغة العربية |
| 700 | 1 | _aالقسوري، طارق | |
| 700 | 1 | _aبن جراد، محمد | |
| 942 |
_2ddc _cREF |
||
| 999 |
_c25481 _d25481 |
||